| 000 | 00587nam a2200229 a 4500 | ||
|---|---|---|---|
| 001 | 1880311 | ||
| 005 | 20180222082214.0 | ||
| 008 | 870728s1987 nyua 001 0 eng | ||
| 010 | _a 83063759 | ||
| 020 |
_a0886873045 : _c$16.95 |
||
| 020 | _a0345343999 (Ballantine Books) | ||
| 040 |
_aDLC _cDLC _dDLC |
||
| 041 | _aeng | ||
| 043 |
_an-us--- _ae------ |
||
| 080 | _a304.632 WAT | ||
| 082 | 0 | 0 |
_a304.632 WAT _219 |
| 100 | 1 | _a50 | |
| 101 | _aSOC | ||
| 245 | 1 | 4 |
_aThe birth dearth / _cBen J. Wattenberg. |
| 906 |
_a7 _bcbc _corignew _d2 _eopcn _f19 _gy-gencatlg |
||
| 942 |
_2ddc _cBK |
||
| 999 |
_c43207 _d43207 |
||